01597nam a2200289 a 450000100100000000500170001000800410002702000180006804000250008608200160011110000280012724500910015524601200024626000340036630000270040050000640042750400260049159000270051770000380054495201290058295201140071195201200082595201150094595201150106095201150117599900170129000004694020201002053228.0180409s2017 dr a 000 0 spa d a9789945502022 aDO-SdBNPbspacBNPHU axxxxbS211q1 aSánchez, Jhoan97485610a¡Qué el señor reprenda al diablo! :bJhoan Sánchez ; prólogo Jhon Ánlvarez.10a¿culpable yo ?b¡Qué el señor reprenda al diablo! "aplicando leyes espirituales a principios administrativos" aSanto Domingo :bs. n,c2017. a49 p. :bil. ;c20 cm. aIncluye datos biográficos del autor en la contracubierta. aBibliografía: p. 49 aInventariado, 2020 /LP1 aÁnlvarez, Jhon,epról.974857 001054708DSaGRbGRcHDd2018-04-09iLF1l0oxxxx S211qp46940-30r2020-06-25te. 3w2020-06-25yLFDSZPréstamo en sala 0010718PDaPDbPDcHDd2018-04-09iLF1l0oxxxx S211qp46940-10r2020-06-25w2020-06-25yLFPDZNo se presta 0010718PDaPDbPDcHDd2018-04-09iLF1l0oxxxx S211qp46940-20r2020-06-25te. 2w2020-06-25yLFPDZNo se presta 00107-18PDaGRbGRcOId2018-04-09iLF1l0oxxxx S211qp46941-30r2020-06-25w2020-06-25yLFPDZNo se presta 00107-18PDaPDbPDcOId2018-04-09iLF1l0oxxxx S211qp46941-10r2020-06-25w2020-06-25yLFPDZNo se presta 00107-18PDaPDbPDcOId2018-04-09iLF1l0oxxxx S211qp46941-20r2020-06-25w2020-06-25yLFPDZNo se presta c46428d46428